<?xml version="1.0" encoding="UTF-8"?>
<collection xmlns="http://www.loc.gov/MARC21/slim">
 <record>
  <leader>00604nam a22001695a 4500</leader>
  <controlfield tag="001">EUN.eunm006540</controlfield>
  <controlfield tag="005">20160829113818.0</controlfield>
  <controlfield tag="008">041125s1977####njua#####b####000#0#eng#d</controlfield>
  <datafield tag="082" ind1="0" ind2="4">
   <subfield code="a">537.1</subfield>
   <subfield code="2">15</subfield>
  </datafield>
  <datafield tag="100" ind1="1" ind2=" ">
   <subfield code="a">Narayana Rao, Nannapaneni.</subfield>
  </datafield>
  <datafield tag="245" ind1="1" ind2="0">
   <subfield code="a">Elements of engineering electromagnetics /</subfield>
   <subfield code="c">N. Narayana Rao.</subfield>
  </datafield>
  <datafield tag="260" ind1=" " ind2=" ">
   <subfield code="a">Englewood Cliffs, N.J. :</subfield>
   <subfield code="b">Prentice-Hall,</subfield>
   <subfield code="c">c1977.</subfield>
  </datafield>
  <datafield tag="300" ind1=" " ind2=" ">
   <subfield code="a">xiii, 479 p. :</subfield>
   <subfield code="b">il. ;</subfield>
   <subfield code="c">24 cm.</subfield>
  </datafield>
  <datafield tag="504" ind1=" " ind2=" ">
   <subfield code="a">Incluye referencias bibliográficas e índice.</subfield>
  </datafield>
  <datafield tag="650" ind1=" " ind2="7">
   <subfield code="a">Física.</subfield>
   <subfield code="2">unbist</subfield>
  </datafield>
  <datafield tag="653" ind1=" " ind2=" ">
   <subfield code="a">Teoría electromagnética</subfield>
  </datafield>
  <datafield tag="859" ind1=" " ind2=" ">
   <subfield code="a">AR-BaUNS</subfield>
   <subfield code="b">BIB. CENTRAL - Sector A</subfield>
   <subfield code="h">537.1</subfield>
   <subfield code="i">N164</subfield>
   <subfield code="p">89068/982</subfield>
  </datafield>
 </record>
</collection>
